[Event "VIII Tarragona op"]
[Site "Tarragona"]
[Date "2007.08.26"]
[Round "9.2"]
[White "Movsziszian, Karen"]
[Black "Carlsson, Pontus"]
[Result "1-0"]
[WhiteElo "2534"]
[BlackElo "2487"]
[PlyCount "71"]
[EventDate "2007.08.18"]

1. e4 c5 2. d3 Nc6 3. g3 g6 4. Bg2 Bg7 5. f4 d6 6. Nf3 Nf6 7. O-O O-O 8. Nc3
Rb8 9. h3 b5 10. Be3 b4 11. Ne2 Nd7 12. c3 bxc3 13. bxc3 Ba6 14. Qd2 Qa5 15.
Rab1 Nb6 16. Rbc1 Qa3 17. Ne1 Rfd8 18. f5 d5 19. Bh6 Bf6 20. Bg5 Ne5 21. Bxf6
exf6 22. fxg6 hxg6 23. Rxf6 dxe4 24. Bxe4 Bb7 25. Bxb7 Rxb7 26. Qg5 Re8 27. Rf4
Qxa2 28. Rh4 Qxe2 29. Qf6 Qh5 30. Rxh5 gxh5 31. Qg5+ Ng6 32. Qxc5 Rbe7 33. Nf3
Re3 34. Qxh5 Kg7 35. Rf1 Nd7 36. Ng5 1-0

[Event "VIII Tarragona op"]
[Site "Tarragona"]
[Date "2007.08.26"]
[Round "9.3"]
[White "Gladyszev, Oleg"]
[Black "Kogan, Artur"]
[Result "0-1"]
[WhiteElo "2480"]
[BlackElo "2569"]
[PlyCount "112"]
[EventDate "2007.08.18"]

1. d4 e6 2. c4 Bb4+ 3. Nd2 Nf6 4. a3 Be7 5. e4 d5 6. e5 Nfd7 7. cxd5 exd5 8.
Ngf3 c5 9. dxc5 Nc6 10. b4 a5 11. Qa4 O-O 12. Bb2 Qc7 13. Be2 Ndxe5 14. O-O Bf6
15. Qb3 Be6 16. Nxe5 Nxe5 17. Qc2 g6 18. f4 Bf5 19. Qb3 Nd7 20. Bxf6 Nxf6 21.
Qc3 Qe7 22. Bf3 Rfe8 23. Nb3 axb4 24. axb4 Be4 25. Rxa8 Rxa8 26. Qe5 Qxe5 27.
fxe5 Nd7 28. Bxe4 dxe4 29. Re1 Ra3 30. Nd4 Nxe5 31. Rxe4 Nd3 32. Nc2 Ra2 33.
Re3 Nf4 34. Ne1 Rb2 35. Re4 Nd5 36. Nd3 Rd2 37. Nf4 Nc3 38. Re3 Rc2 39. h4 Na2
40. Nd5 Rc4 41. h5 gxh5 42. Re7 Nxb4 43. Nf6+ Kg7 44. Nxh5+ Kg6 45. Ng3 Rxc5
46. Rxb7 Rc1+ 47. Kh2 Nd5 48. Rb2 Ne3 49. Re2 Ng4+ 50. Kh3 f5 51. Re6+ Kg5 52.
Re8 Nf2+ 53. Kh2 Ng4+ 54. Kh3 Rc3 55. Rg8+ Kf4 56. Kh4 Rxg3 0-1

[Event "VIII Tarragona op"]
[Site "Tarragona"]
[Date "2007.08.26"]
[Round "9.5"]
[White "Marzolo, Cyril"]
[Black "Oratovsky, Michael"]
[Result "1/2-1/2"]
[WhiteElo "2491"]
[BlackElo "2525"]
[PlyCount "33"]
[EventDate "2007.08.18"]

1. d4 d6 2. c4 e5 3. d5 a5 4. e4 Na6 5. Bd3 Be7 6. Nc3 Bg5 7. Nge2 Bxc1 8. Qxc1
Ne7 9. O-O Nc5 10. Bc2 O-O 11. b3 f5 12. f4 exf4 13. Nxf4 Ng6 14. Nxg6 hxg6 15.
Qe3 Qf6 16. Rae1 Bd7 17. e5 1/2-1/2

[Event "VIII Tarragona op"]
[Site "Tarragona"]
[Date "2007.08.26"]
[Round "9.6"]
[White "Gozzoli, Yannick"]
[Black "Del Rio Angelis, Salvador G"]
[Result "1-0"]
[WhiteElo "2470"]
[BlackElo "2506"]
[PlyCount "43"]
[EventDate "2007.08.18"]

1. d4 Nf6 2. c4 c5 3. d5 b5 4. Nf3 g6 5. cxb5 a6 6. Nc3 axb5 7. d6 exd6 8. e4
Be7 9. Bxb5 O-O 10. O-O Na6 11. Bh6 Re8 12. Bc4 Nc7 13. Ng5 Ne6 14. f4 Ba6 15.
Bxa6 Rxa6 16. f5 Nd4 17. Qd3 Qa8 18. Qh3 Bd8 19. fxg6 fxg6 20. Nd5 Nxd5 21.
Qxd7 Be7 22. Rf7 1-0

[Event "VIII Tarragona op"]
[Site "Tarragona"]
[Date "2007.08.26"]
[Round "9.7"]
[White "Avila Jimenez, Javier"]
[Black "Munoz Pantoja, Miguel"]
[Result "0-1"]
[WhiteElo "2259"]
[BlackElo "2452"]
[PlyCount "62"]
[EventDate "2007.08.18"]

1. d4 c5 2. d5 Nf6 3. c4 g6 4. Nc3 Bg7 5. e4 O-O 6. f4 d6 7. Nf3 e6 8. dxe6
fxe6 9. Bd3 Nc6 10. O-O Nd4 11. Nxd4 cxd4 12. Nb5 Ne8 13. b4 a6 14. Na3 e5 15.
c5 b5 16. cxb6 Qxb6 17. Qb3+ Kh8 18. Bd2 Nf6 19. Rae1 Bb7 20. Nc4 Qc7 21. fxe5
dxe5 22. Na5 Qb6 23. Nxb7 Qxb7 24. a4 Qe7 25. Re2 Ng4 26. Rxf8+ Rxf8 27. Bxa6
d3 28. Qxd3 Qa7+ 29. Be3 Nxe3 30. Qxe3 Qxa6 31. Rb2 Qxa4 0-1

[Event "VIII Tarragona op"]
[Site "Tarragona"]
[Date "2007.08.26"]
[Round "9.8"]
[White "Fernandez Cazorla, Antonio"]
[Black "Bellon Lopez, Juan Manuel"]
[Result "0-1"]
[WhiteElo "2223"]
[BlackElo "2442"]
[PlyCount "102"]
[EventDate "2007.08.18"]

1. e4 c5 2. Nf3 e6 3. d4 cxd4 4. Nxd4 a6 5. c4 Nf6 6. Nc3 Qc7 7. a3 d6 8. Be2
b6 9. Be3 Bb7 10. f3 Nbd7 11. Rc1 Rc8 12. O-O Be7 13. Qe1 O-O 14. g4 g6 15. Bg5
d5 16. Qh4 dxe4 17. fxe4 Qc5 18. Rcd1 h6 19. Bxh6 Nxe4 20. Nxe4 Bxe4 21. Bxf8
Rxf8 22. Qf2 Ne5 23. b4 Qc7 24. Qf4 Ba8 25. Nf3 Nxf3+ 26. Rxf3 e5 27. Qc1 Bxf3
28. Bxf3 a5 29. Qc3 axb4 30. axb4 Re8 31. Bd5 Rd8 32. Qf3 Bg5 33. Kg2 Kg7 34.
Ra1 Bf4 35. h3 Qe7 36. b5 Rd7 37. Ra2 Qc5 38. Qa3 Rxd5 39. cxd5 Qxd5+ 40. Kf2
Qxb5 41. Rb2 Qc4 42. Qb3 Qd4+ 43. Ke2 Qe4+ 44. Kf2 Qh1 45. Rc2 Qd1 46. Rc3 Qd2+
47. Kf3 g5 48. Ke4 Qd4+ 49. Kf3 e4+ 50. Ke2 Qd2+ 51. Kf1 e3 0-1